000 00754nam a2200253Ia 4500
003 OSt
005 20220923222818.0
006 a|||||r|||| 00| 0
007 ta
008 220922b |||||||| |||| 00| 0 hin d
024 _a208,283
037 _cTextual
040 _aARTS
_cARTS
_bhin
041 _2hin
_ahin
082 _aO152,3N51,MI, M1
100 _aतेजन्दिर
_9156277
245 0 _aमिजाजीलाल
246 _aMijājīlāla
260 _aदिल्ली
_b अंकुर प्रका0
_c1981
300 _a80पृ.
_ccm.
650 _aहिन्दी साहित्य
_9156264
942 _hO152,3N51,MI, M1
_cTEXL
_2CC
999 _c358879
_d358879